Sports Quiz

Random Sports or Football Quiz
Score 0/77 Timer 12:00
0 Plays Today
Hint Answer % Correct
ItalyRobbie Keane
96.1%
EnglandRoy Keane
96.1%
EnglandRobbie Keane
96.1%
EnglandDamien Duff
69.9%
EnglandDenis Irwin
62.1%
EnglandLiam Brady
60.1%
ItalyLiam Brady
60.1%
EnglandRobbie Brady
60.1%
WalesJohn Aldridge
59.5%
SpainJohn Aldridge
59.5%
EnglandJohn O'Shea
58.8%
EnglandRay Houghton
57.5%
RussiaAiden McGeady
56.2%
EnglandRonnie Whelan
56.2%
EnglandBilly Whelan
56.2%
EnglandGlenn Whelan
56.2%
ScotlandAiden McGeady
56.2%
EnglandShane Long
55.6%
FranceTony Cascarino
54.2%
BulgariaCillian Sheridan
47.1%
CyprusCillian Sheridan
47.1%
PolandCillian Sheridan
47.1%
NetherlandsFrank Stapleton
46.4%
EnglandJohn Sheridan
46.4%
EnglandFrank Stapleton
46.4%
England Ian Harte
44.4%
PortugalPhil Babb
43.1%
England Darron Gibson
43.1%
Northern IrelandSimon Kelly
42.5%
EnglandAndy Townsend
41.8%
England Johnny Giles
38.6%
EnglandJonathan Walters
37.3%
EnglandSéamus Coleman
36.6%
EnglandMark Lawrenson
33.3%
Northern IrelandConor McDermott
33.3%
ScotlandLiam Miller
32%
EnglandKevin Sheedy
31.4%
EnglandMichael Robinson
30.1%
SwitzerlandDon Givens
29.4%
Hint Answer % Correct
England Don Givens
29.4%
EnglandChris Hughton
28.1%
ScotlandAnthony Stokes
28.1%
England Steve Heighway
27.5%
ScotlandTommy Coyne
24.8%
EnglandStephen Ireland
24.8%
EnglandJim Beglin
22.9%
WalesKurtis Byrne
22.9%
EnglandMickey Walsh
20.9%
England Tony Galvin
20.9%
ScotlandJon Daly
20.9%
PortugalMickey Walsh
20.9%
BelgiumDominic Foley
19%
EnglandEddie McGoldrick
16.3%
ScotlandConor Sammon
9.2%
ScotlandAdam Rooney
8.2%
EnglandAdam Rooney
7.8%
ScotlandWillo Flood
7.8%
EnglandJohn Dempsey
5.9%
ScotlandGary Dempsey
5.9%
England Austin Hayes
5.9%
ScotlandJonny Hayes
5.9%
Northern IrelandVinny Arkins
5.2%
Northern IrelandPaddy Turner
3.3%
EnglandTerry Donovan
2.6%
Northern IrelandDessie Gorman
2.6%
Northern IrelandPeter McCann
2.6%
Northern IrelandDavid McDaid
1.9%
England Joe Haverty
1.3%
EnglandTerry Conroy
1.3%
Northern IrelandJason McGuinness
1.3%
Northern IrelandJoshua Daniels
1.3%
Northern IrelandRicky McEvoy
1.3%
Northern IrelandGreg O'Dowd
1.3%
Northern IrelandStephen O'Flynn
1%
MaltaBrian Crawley
0.7%
ScotlandJoe Shaughnessy
0.7%
WalesDean Ebbe
0.7%
Remove Ads.
Support Sporcle.
Get the best of Sporcle when you Go Orange. This ad-free experience offers more features, more stats, and more fun while also helping to support Sporcle. Thank you for becoming a member.

You're not logged in!

Compare scores with friends on all Sporcle quizzes.
OR
Log In

Show Comments

Extras

Top Quizzes Today


Score Distribution

Your Account Isn't Verified!

In order to create a playlist on Sporcle, you need to verify the email address you used during registration. Go to your Sporcle Settings to finish the process.

Report this User

Report this user for behavior that violates our Community Guidelines.

Details: